| 000 | 02490cam a2200433 a 4500 | ||
|---|---|---|---|
| 001 | 53115 | ||
| 005 | 20230410105335.0 | ||
| 008 | 050516s2005 mnu 001 0 eng | ||
| 010 | _a 2005275423 | ||
| 035 | _a(OCoLC)ocm57489632 | ||
| 040 |
_aDLC _cDLC _dBAKER _dBTCTA _dYDXCP _dAG# _dDRFGD |
||
| 020 | _a031415311X (pbk. : acid-free paper) | ||
| 020 | _a9780314153111 (pbk. : acid-free paper) | ||
| 029 | 1 |
_aYDXCP _b2173579 |
|
| 035 | _a(OCoLC)57489632 | ||
| 043 | _an-us--- | ||
| 082 | 4 | _a344.73021 | |
| 050 | 1 | 4 | _aH776w 2005 |
| 100 | 1 | _aHood, Jack B. | |
| 245 | 1 | 0 |
_aWorkers' compensation and employee protection laws in a nutshell / _cJack B. Hood, Benjamin A. Hardy, Jr., Harold S. Lewis, Jr. |
| 250 | _a4th ed. | ||
| 260 |
_aSt. Paul, MN : _bThomson/West, _cc2005 |
||
| 300 |
_axlix, 543 p. ; _c19 cm. |
||
| 490 | 1 | _aWest nutshell series | |
| 500 | _aIncludes index. | ||
| 505 | 0 | _apt. 1. Historical background of compensation legislation. Employment related actions and legislation -- pt. 2. The law of workers' compensation. Theories and policies of workers' compensation ; Workers' compensation and the law of torts ; The employee-employer relationship ; The coverage formula necessity for a "personal injury by accident arising out of and in the course of employment" ; Death ; Medical expenses, disabilities and benefits ; Administration ; Extraterritorial problems and overlapping coverages ; Third party actions ; Future of workers' compensation -- pt. 3. Employee protection legislation. Unemployment compensation ; Fair Labor Standards Act ; Occupational Safety and Health Act ; Federal black lung benefits legislation ; Social Security ; Federal and state antidiscrimination laws in general ; Title VII of the 1964 Civil Rights Act, as amended through 1991 ; Title VII modes of proof, administrative procedures, and remedies ; Other federal antidiscrimination laws ; Miscellaneous employee protection laws. | |
| 650 | 0 |
_aWorkers' compensation _xLaw and legislation _zUnited States. |
|
| 650 | 0 |
_aEmployers' liability _zUnited States. |
|
| 650 | 0 |
_aLabor laws and legislation _zUnited States. |
|
| 700 | 1 | _aHardy, Benjamin A. | |
| 700 | 1 |
_aLewis, Harold S., _d1947- |
|
| 830 | 0 | _aNutshell series. | |
| 938 |
_aBaker & Taylor _bBKTY _c29.00 _d29.00 _i031415311X _n0006240367 _sactive |
||
| 938 |
_aBaker and Taylor _bBTCP _n2005275423 |
||
| 938 |
_aYBP Library Services _bYANK _n2173579 |
||
| 942 |
_2lcc _cbk |
||
| 946 | _almminaya | ||
| 994 |
_aC0 _bDRFGD |
||
| 999 |
_c34716 _d34716 |
||